100 Great Lakes Cities in the US - Statistics

General Stats
  • This quiz has been taken 53 times
  • The average score is 48 of 100
Answer Stats
Hint Hint Hint Answer % Correct
1 IL 2,695,598 Chicago
100%
4 MI 713,777 Detroit
100%
5 WI 594,833 Milwaukee
100%
6 OH 396,815 Cleveland
93%
3 OH 787,033 Columbus
93%
2 IN 820,445 Indianapolis
93%
7 OH 296,943 Cincinnati
88%
8 OH 287,208 Toledo
88%
11 OH 199,110 Akron
84%
10 WI 233,209 Madison
84%
9 IN 253,691 Fort Wayne
81%
13 MI 188,040 Grand Rapids
81%
26 WI 104,057 Green Bay
81%
12 IL 197,899 Aurora
79%
40 IN 80,294 Gary
79%
23 MI 114,297 Lansing
77%
21 IL 116,250 Springfield
77%
70 OH 60,608 Springfield
77%
24 MI 113,934 Ann Arbor
74%
17 OH 141,527 Dayton
74%
28 IN 101,168 South Bend
74%
14 IL 152,871 Rockford
72%
20 IN 117,429 Evansville
70%
27 MI 102,434 Flint
70%
29 WI 99,218 Kenosha
70%
22 IL 115,007 Peoria
70%
15 IL 147,433 Joliet
67%
16 IL 141,853 Naperville
67%
18 MI 134,056 Warren
67%
25 IL 108,188 Elgin
65%
43 WI 78,860 Racine
65%
49 MI 74,262 Kalamazoo
63%
39 IN 80,450 Bloomington
60%
45 IL 76,610 Bloomington
60%
36 IL 81,055 Champaign
58%
19 MI 129,699 Sterling Heights
58%
32 IL 89,078 Waukegan
58%
52 OH 73,007 Canton
56%
30 MI 98,153 Dearborn
56%
63 WI 65,883 Eau Claire
56%
38 IN 80,830 Hammond
56%
61 OH 66,982 Youngstown
56%
42 IN 79,191 Carmel
53%
48 IL 74,486 Evanston
53%
53 WI 72,623 Appleton
51%
62 WI 66,083 Oshkosh
51%
31 MI 96,942 Livonia
49%
34 IL 83,891 Cicero
47%
46 IL 76,122 Decatur
47%
93 MI 51,508 Saginaw
47%
60 IN 67,140 Lafayette
44%
58 IN 70,085 Muncie
44%
50 IL 74,227 Schaumburg
42%
57 WI 70,718 Waukesha
42%
88 MI 52,347 Battle Creek
40%
73 MI 59,515 Pontiac
40%
98 WI 49,288 Sheboygan
40%
69 IN 60,785 Terre Haute
40%
95 IN 50,949 Elkhart
37%
44 IN 76,794 Fishers
37%
87 IL 52,497 Normal
37%
92 IL 51,878 Oak Park
37%
47 IL 75,101 Arlington Heights
35%
94 WI 51,320 LaCrosse
35%
41 MI 79,740 Farmington Hills
33%
35 OH 81,601 Parma
33%
64 IL 64,784 Skokie
33%
54 MI 72,125 Wyoming
33%
51 IL 73,366 Bolingbrook
30%
68 OH 62,477 Hamilton
30%
66 WI 63,575 Janesville
30%
65 OH 64,097 Lorain
28%
75 MI 57,774 Dearborn Heights
26%
74 IL 58,364 Des Plaines
26%
84 OH 54,533 Elyria
26%
59 IL 68,557 Palatine
26%
56 MI 70,995 Rochester Hills
26%
78 IL 56,703 Tinley Park
26%
37 MI 80,980 Troy
26%
82 IN 56,129 Anderson
23%
86 IL 52,894 Wheaton
23%
80 IL 56,657 Berwyn
21%
99 OH 48,920 Euclid
21%
33 MI 84,094 Westland
21%
81 OH 56,163 Kettering
19%
83 MI 55,224 Novi
19%
79 IL 56,690 Oak Lawn
19%
77 IL 56,767 Orland Park
19%
76 MI 57,236 Royal Oak
19%
67 MI 63,131 Taylor
19%
97 OH 49,562 Cuyahoga Falls
16%
100 MI 48,707 Kentwood
16%
71 WI 60,411 West Allis
16%
91 IL 51,895 Hoffman Estates
14%
90 IN 51,969 Noblesville
14%
55 MI 71,739 Southfield
14%
96 IN 49,791 Greenwood
12%
72 MI 59,715 St Clair Shores
12%
89 OH 52,131 Lakewood
7%
85 IL 54,167 Mount Prospect
5%
No matching quizzes found
Score Distribution
Percent of People with Each Score
Percentile by Number Answered
Your Score History
You have not taken this quiz